Fill in the Blanks K-pop (LE SSERAFIM Ver.) - Statistics

General Stats
  • This quiz has been taken 153 times
  • The average score is 5 of 10
Answer Stats
Hint Answer % Correct
I got a _______ _____ and some good company credit card
73%
I'm fearless, a new b!tch, new _____ crazy
68%
Pull up and I rip it up like _______ ballet
64%
Back in the days, ____ old me, didn't know what to believe poor
64%
Unforgiven, yes, I was _______ bleeding
57%
I'm so cute, I'm so nerdy, so ______ sassy
57%
Rock it, _____ it, lock it, baby twist
55%
Take it on the _____, I know I like that chain
12%
I ______ that, don't be mad planned
12%
Just burn your _____ fire
9%
No matching quizzes found
Score Distribution
Percent of People with Each Score
Percentile by Number Answered
Your Score History
You have not taken this quiz